000 00565cam a2200205ua 4500
001 1443
008 110708n ii |||gr||||Z||||||eng
020 _a81-7493-196-1
040 _cMAIN
082 _a338.9
100 1 _aMisra, S. K.,
_eAuthor.
245 1 _aEconomics of Development and Planing :
_btheory & practice /
_cby S. K. Misra
250 _a6th.
260 _aBombay:
_bHimalaya Publishing House,995.
300 _axx; 876p:
_c23cm.
653 _aEconomics
653 _aEconomics of Development and planing
700 _aPuri, V. K.,
942 _cBK
999 _c1333
_d1333